Looking at Philosophy The unbearable heaviness of philosophy made lighter

Zapisane w:
Opis bibliograficzny
1. autor: PALMER, Donald
Format: Książka
Język:angielski
Wydane: Mc. Graw-Hil Educationl 2020
Etykiety: Dodaj etykietę
Nie ma etykietki, Dołącz pierwszą etykiete!

MARC

LEADER 00000nam a22000007a 4500
008 210811b ||||| |||| 00| 0 eng d
020 |a 978260566154 
100 |a PALMER, Donald 
245 |a Looking at Philosophy  |b The unbearable heaviness of philosophy made lighter  |c Donald Palmer  |g ix,452p.ill. 
250 |b Seventh ed. 
260 |b Mc. Graw-Hil Educationl  |c 2020  |d Book  |h New York  |i 696854  |i 696855  |l B74 .P18  |m Philosophy -History  |m Philosophy- History-cavicatures and cartoon  |m American wit and humor, pictorial 
500 |a Includes references and index 
942 |a lcc  |c BK  |e Olagoke, M.A  |f 11/08/2021 
952 |0 0  |1 0  |2 lcc  |4 0  |7 0  |9 2984  |a HOL  |b ART  |c AF  |d 2021-08-11  |o B 74.P18  |p 2021-66666  |r 2021-08-11 00:00:00  |t 696855  |w 2021-08-11  |y BK 
952 |0 0  |1 0  |2 lcc  |4 0  |7 0  |9 2985  |a HOL  |b HOL  |c AF  |d 2021-08-11  |o B 74.P18  |p 2021-66667  |r 2021-08-11 00:00:00  |t 696854  |w 2021-08-11  |y BK 
999 |c 1511  |d 1511